| 000 | 00911nam1a22002411 4500 | ||
|---|---|---|---|
| 001 | rc\2847885 | ||
| 005 | 20110704121709.8 | ||
| 035 | _a(NLR Aleph) 007003457 | ||
| 090 |
_a5744072 _c5744072 |
||
| 100 | _a20110704d1930 |||y0rusy50 ca | ||
| 101 | 0 | _arus | |
| 102 | _aRU | ||
| 105 | _ay j ||||| | ||
| 200 | 1 |
_aНемецкая хрестоматия для сельско-хозяйственных учебных заведений ... _eВып. 1- _fА.Ю. Пише _gПод ред. проф. В.Р. Вильямса ... |
|
| 210 |
_aМосква _aЛенинград _cГос. изд-во _d1930 _eЛенинград _gтип. им. Н. Бухарина |
||
| 215 | _d20х13 см | ||
| 700 | 1 |
_aПише _bА. Ю. _f1880- _gАнтон Юльевич |
|
| 702 | 1 |
_aВильямс _bВ. Р. _4340 |
|
| 801 | 0 |
_aRU _bNLR _gpsbo |
|
| 801 | 1 |
_aRU _bELAR _2rusmarc |
|
| 852 |
_aNLR _j31-17/446(1) |
||
| 942 | _cBOOK | ||
| 980 | _aNB | ||